Fraud, Manipulation and Insider trading in the Indian Securities Markets / (Record no. 208935)

MARC details
000 -LEADER
fixed length control field 00685nam a22001937a 4500
010 ## - LCCN (DPL NO)
LC control number ENG-143729
020 ## - INTERNATIONAL STANDARD BOOK NUMBER
International Standard Book Number 9788198333377
Terms of availability 1695.00
035 ## - SYSTEM CONTROL NUMBER
System control number EN-127261
037 ## - SOURCE OF ACQUISITION
Source of stock number/acquisition DBAD
082 ## - DEWEY DECIMAL CLASSIFICATION NUMBER
Classification number 332.6457
100 ## - MAIN ENTRY--PERSONAL NAME
Personal name Parekh , Sandeep
245 ## - TITLE STATEMENT
Title Fraud, Manipulation and Insider trading in the Indian Securities Markets /
Statement of responsibility, etc by Sandeep Parekh ; forwarded by M. Damodaran
250 ## - EDITION STATEMENT
Edition statement 5th
260 ## - PUBLICATION, DISTRIBUTION, ETC. (IMPRINT)
Place of publication, distribution, etc Haryana
Name of publisher, distributor, etc Lexis Nexis
Date of publication, distribution, etc 2025
270 ## - ADDRESS
Address 4th Floor, Building No.10, Tower-B, DLF Cyber City, Phase-II Gurgaon,
City Haryana
Postal code 122002
300 ## - PHYSICAL DESCRIPTION
Extent xliii,653p.:
Other physical details illus.
Dimensions 24cm(Hb)
700 ## - ADDED ENTRY--PERSONAL NAME
Personal name Damodaran ,M.
9 (RLIN) 77366
942 ## - ADDED ENTRY ELEMENTS (KOHA)
Source of classification or shelving scheme Dewey Decimal Classification
Item type English Books
Classification part 332.6457
Call number suffix PAR
Holdings
Withdrawn status Lost status Not for loan Collection code Home library Current library Date acquired Source of acquisition Cost, normal purchase price Full call number Barcode Copy number Cost, replacement price Koha item type
      Reference Central Library Central Library 03/02/2025 DBAD 1695.00 332.6457 PAR EN-127261 1 1695.00 English Books

© Delhi Public Library
Hit Counter
free hit counter